La Politique féminine, de Marie de Médicis à Marie-Antoinette (Record no. 55640)

MARC details
000 -LEADER
campo de control de longitud fija 00852nam a2200229 i 4500
001 - NÚMERO DE CONTROL
campo de control 55640
003 - IDENTIFICADOR DE NÚMERO DE CONTROL
campo de control ES-MaACL
005 - FECHA Y HORA DE LA ÚLTIMA TRANSACCIÓN
campo de control 20230906163202.0
007 - CAMPO FIJO DE DESCRIPCIÓN FÍSICA--INFORMACIÓN GENERAL
campo de control de longitud fija t|
008 - DATOS DE LONGITUD FIJA--INFORMACIÓN GENERAL
campo de control de longitud fija 030924s1882 fr |||| |dfre d
100 1# - ENTRADA PRINCIPAL--NOMBRE DE PERSONA
Nombre de persona Desprez, Adrien.
9 (RLIN) 43925
245 13 - MENCIÓN DEL TÍTULO
Título La Politique féminine, de Marie de Médicis à Marie-Antoinette
Resto del título : 1610-1792 /
Mención de responsabilidad, etc. Adrien Desprez.
260 ## - PUBLICACIÓN, DISTRIBUCIÓN, ETC.
Lugar de publicación, distribución, etc. Paris :
Nombre del editor, distribuidor, etc. A. Degorce-Cadot,
Fecha de publicación, distribución, etc. 1882 (
Fabricante Toher et C.)
300 ## - DESCRIPCIÓN FÍSICA
Extensión 365 p. ;
Dimensiones 17 cm.
490 1# - MENCIÓN DE SERIE
Mención de serie Bibliothèque de vulgarisation
600 14 - PUNTO DE ACCESO ADICIONAL DE MATERIA--NOMBRE DE PERSONA
Nombre de persona María
Títulos y otros términos asociados al nombre Reina consorte de Enrique IV, Rey de Francia.
9 (RLIN) 167113
600 04 - PUNTO DE ACCESO ADICIONAL DE MATERIA--NOMBRE DE PERSONA
Nombre de persona María Antonieta
Títulos y otros términos asociados al nombre Reina consorte de Luis XVI, Rey de Francia.
9 (RLIN) 76657
651 #4 - PUNTO DE ACCESO ADICIONAL DE MATERIA--NOMBRE GEOGRÁFICO
Nombre geográfico Francia-
Subdivisión general Historia-
Subdivisión cronológica 1589-1789, Casa de Borbón.
9 (RLIN) 151680
830 0# - PUNTO DE ACCESO ADICIONAL DE SERIE-TÍTULO UNIFORME
Título uniforme Bibliothèque de vulgarisation
9 (RLIN) 230345
852 ## - LOCALIZACIÓN
Ubicación ES-MaACL
Número de control de estantería D-1555
Holdings
Estatus retirado Estado de pérdida Estado de daño No para préstamo Colección Biblioteca de origen Biblioteca actual Ubicación en estantería Fecha de adquisición Fuente de adquisición Total de préstamos Signatura topográfica completa Código de barras Visto por última vez Precio de reemplazo Tipo de ítem Koha
        Libros del s. XIX Biblioteca del Ateneo de Madrid Biblioteca del Ateneo de Madrid Sala Valle Inclán 17/01/2008     D-1555 901058453 23/02/2023 23/02/2023 Libro impreso antiguo